[Event "GER Cup Net Final-B U2000"]
[Site "Playchess.com INT"]
[Date "2020.06.06"]
[Round "13"]
[White "Ochmann, Reimund"]
[Black "Hertel, Marco"]
[Result "1-0"]
[WhiteElo "1881"]
[BlackElo "1822"]
[PlyCount "141"]
[EventDate "2020.06.06"]
[EventType "swiss (blitz)"]
[EventRounds "13"]
[EventCountry "GER"]
[SourceTitle "CBM 197 Extra"]
[Source "ChessBase"]
[SourceDate "2020.09.30"]
[SourceVersion "1"]
[SourceVersionDate "2020.09.30"]
[SourceQuality "1"]

1. e4 d6 2. d4 Nf6 3. Bd3 e5 4. c3 g6 5. f4 Bg7 6. Nf3 Nbd7 7. fxe5 dxe5 8. dxe5 Ng4 9. e6 fxe6 10. 0-0 0-0 11. Bc4 Nde5 12. Bb3 Nxf3+ 13. gxf3 Qxd1 14. Bxd1 Ne5 15. Kg2 Bd7 16. Bb3 c5 17. Nd2 b5 18. c4 b4 19. Bc2 Rad8 20. Nb3 Ba4 21. Be3 Nd3 22. Bxd3 Rxd3 23. Bxc5 Bxb2 24. Rad1 Rxd1 25. Rxd1 Rc8 26. Bxb4 Rxc4 27. Rd8+ Kf7 28. Rf8+ Kg7 29. Rb8 Rc2+ 30. Kf1 a6 31. Nc5 Bb5+ 32. Ke1 Rxh2 33. Nxe6+ Kf6 34. Nf4 Ke5 35. Nd5 Kd4 36. Rc8 Re2+ 37. Kd1 Rh2 38. Nf4 Ba4+ 39. Ke1 Ke3 40. Bc5+ Kxf4 41. Bd6+ Kxf3 42. Bxh2 Bb5 43. Rc2 Bd4 44. Rc8 Kxe4 45. Rb8 h5 46. Bc7 Kf5 47. Bb6 Bxb6 48. Rxb6 g5 49. Kf2 g4 50. a4 Bc4 51. Rc6 Bd3 52. Rc5+ Kg6 53. a5 h4 54. Kg2 Bb5 55. Kh2 Kf6 56. Rh5 h3 57. Kg3 Kg6 58. Rc5 Be2 59. Re5 Bf3 60. Re6+ Kf5 61. Rxa6 Ke4 62. Rb6 Ke3 63. a6 Ke2 64. a7 h2 65. Rb2+ Kf1 66. Kxh2 Be4 67. Kg3 Bf3 68. Rb1+ Ke2 69. Rb2+ Kd3 70. Rb3+ Kc4 71. Rxf3 1-0

[Event "GER Cup Net Final-B U2000"]
[Site "Playchess.com INT"]
[Date "2020.06.06"]
[Round "6"]
[White "Platz, Daniel1111"]
[Black "Ochmann, Reimund"]
[Result "1-0"]
[WhiteElo "1701"]
[BlackElo "1848"]
[PlyCount "263"]
[EventDate "2020.06.06"]
[EventType "swiss (blitz)"]
[EventRounds "13"]
[EventCountry "GER"]
[SourceTitle "CBM 197 Extra"]
[Source "ChessBase"]
[SourceDate "2020.09.30"]
[SourceVersion "1"]
[SourceVersionDate "2020.09.30"]
[SourceQuality "1"]

1. e4 e5 2. Nf3 Nc6 3. Bc4 Nf6 4. d3 Bc5 5. c3 d6 6. b4 Bb6 7. a4 a5 8. b5 Ne7 9. 0-0 Ng6 10. Be3 0-0 11. Bxb6 cxb6 12. Nbd2 Bg4 13. h3 Bd7 14. Re1 Rc8 15. Rc1 Nf4 16. d4 Re8 17. Bf1 h6 18. Nc4 Be6 19. d5 Bd7 20. Nxd6 Ra8 21. Nxe8 Qxe8 22. g3 Nxh3+ 23. Bxh3 Bxh3 24. Re3 Bg4 25. Rc2 Nd7 26. Rd2 Qe7 27. d6 Qf6 28. Kg2 Rc8 29. Qb3 Nc5 30. Qd5 Re8 31. Qc4 Rd8 32. Qd5 Re8 33. Ra2 Be6 34. Qxe5 Qxe5 35. Nxe5 Bxa2 36. d7 Rd8 37. c4 f6 38. Ng6 Rxd7 39. e5 Kh7 40. Nf8+ Kg8 41. Nxd7 Nxd7 42. e6 Ne5 43. f4 Nxc4 44. Re2 Bb3 45. e7 Nd6 46. e8Q+ Nxe8 47. Rxe8+ Kf7 48. Rb8 Bd5+ 49. Kf2 Kg6 50. g4 h5 51. gxh5+ Kxh5 52. Ke3 Kg4 53. Rd8 Be6 54. Re8 Bd5 55. Re7 g6 56. Kd4 Bf3 57. Ke3 Bh1 58. Re6 Kf5 59. Rxb6 g5 60. fxg5 fxg5 61. Rd6 g4 62. b6 g3 63. Rd1 Bc6 64. Rd4 g2 65. Kf2 Ke5 66. Rh4 Kd5 67. Kxg2 Kc5+ 68. Kf2 Kxb6 69. Ke3 Kc5 70. Kd3 Bg2 71. Kc3 Bf3 72. Rf4 Bd1 73. Kb2 Be2 74. Kb3 Bd1+ 75. Ka3 Be2 76. Rf5+ Kb6 77. Rf4 Kc7 78. Re4 Bf3 79. Re5 Kb6 80. Rf5 Bc6 81. Rg5 Kc7 82. Rxa5 Kb6 83. Rg5 Kc7 84. Kb4 Kb6 85. a5+ Ka6 86. Rg6 Ka7 87. Kc5 Ka6 88. Kb4 Ka7 89. Rg3 Ka6 90. Rg8 Ka7 91. Rf8 Bd5 92. Rd8 Bc6 93. Kc5 Bf3 94. Rf8 Bc6 95. Rf2 Ka6 96. Ra2 Bf3 97. Rb2 Bc6 98. Ra2 Bf3 99. Rf2 Bc6 100. Rf8 Ka7 101. Rf2 Be4 102. Rb2 Bh1 103. Rb6 Bg2 104. Kd6 Bc6 105. Kc7 Bf3 106. Rb3 Ka6 107. Rxf3 Kxa5 108. Kxb7 Kb4 109. Rf5 Kc4 110. Kc6 Kd4 111. Ra5 Ke4 112. Kd6 Kd4 113. Ra4+ Kc3 114. Kc5 Kd3 115. Rh4 Ke3 116. Kd5 Kf3 117. Rb4 Ke3 118. Ra4 Kf3 119. Ke5 Ke3 120. Ra3+ Kd2 121. Ke4 Kc2 122. Kd4 Kb2 123. Rh3 Kc2 124. Rg3 Kb2 125. Kc4 Kc2 126. Rg2+ Kd1 127. Kd3 Ke1 128. Ra2 Kf1 129. Ke3 Kg1 130. Kf3 Kh1 131. Kg3 Kg1 132. Ra1# 1-0

[Event "GER Cup Net Final-B U2000"]
[Site "Playchess.com INT"]
[Date "2020.06.06"]
[Round "11"]
[White "Schmitt, Carsten1111"]
[Black "Ochmann, Reimund"]
[Result "0-1"]
[WhiteElo "1738"]
[BlackElo "1851"]
[PlyCount "82"]
[EventDate "2020.06.06"]
[EventType "swiss (blitz)"]
[EventRounds "13"]
[EventCountry "GER"]
[SourceTitle "CBM 197 Extra"]
[Source "ChessBase"]
[SourceDate "2020.09.30"]
[SourceVersion "1"]
[SourceVersionDate "2020.09.30"]
[SourceQuality "1"]

1. c4 c6 2. g3 d5 3. Bg2 e5 4. cxd5 cxd5 5. Nc3 Be6 6. Nf3 Nc6 7. 0-0 e4 8. Ne1 Bd6 9. d3 exd3 10. Nxd3 Nf6 11. Nf4 0-0 12. Nfxd5 Nxd5 13. Bxd5 Qe7 14. Bxe6 fxe6 15. Ne4 Bb4 16. a3 Ba5 17. b4 Bb6 18. Bb2 Rad8 19. Qb3 Kh8 20. e3 Rd5 21. h4 h6 22. Rad1 Rdf5 23. Rd6 Bc7 24. Rxe6 Qf7 25. Rxh6+ Kg8 26. Qxf7+ Kxf7 27. Rh7 Rg8 28. Ng5+ Kg6 29. Rd1 Rxg5 30. hxg5 Kxh7 31. f4 Bb6 32. f5 Bxe3+ 33. Kg2 Bxg5 34. Rh1+ Bh6 35. f6 gxf6 36. Bxf6 Kg6 37. Bb2 Re8 38. Kf3 Re3+ 39. Kf2 Rd3 40. Ke2 Rd2+ 41. Kf3 Rxb2 0-1

[Event "GER Cup Net V4 U2000"]
[Site "Playchess.com INT"]
[Date "2020.05.31"]
[Round "2"]
[White "Wall, Viktor"]
[Black "Ochmann, Reimund"]
[Result "0-1"]
[WhiteElo "1560"]
[BlackElo "1702"]
[PlyCount "54"]
[EventDate "2020.05.31"]
[EventType "swiss (blitz)"]
[EventRounds "9"]
[EventCountry "GER"]
[SourceTitle "EXT 2021"]
[Source "ChessBase"]
[SourceDate "2020.10.23"]
[SourceVersion "1"]
[SourceVersionDate "2020.10.23"]
[SourceQuality "1"]

1. e4 e5 2. Nf3 Nc6 3. Bb5 a6 4. Ba4 d6 5. 0-0 Bg4 6. c3 Qf6 7. d3 Nge7 8. Bg5 Bxf3 9. Bxc6+ Nxc6 10. Qd2 Qg6 11. gxf3 h6 12. f4 hxg5 13. fxg5 Rh5 14. f4 exf4 15. Qxf4 Rxg5+ 16. Kh1 f6 17. d4 0-0-0 18. Nd2 d5 19. exd5 Bd6 20. Qf3 Rh8 21. Rf2 Rgh5 22. Nf1 Ne7 23. c4 Rf5 24. Qe3 Rg5 25. Rc2 Nf5 26. Qe6+ Kb8 27. Rf2 Rg1# 0-1

[Event "GER Cup Net V3 U2000"]
[Site "Playchess.com INT"]
[Date "2020.05.27"]
[Round "6"]
[White "Ochmann, Reimund"]
[Black "Peters, Michael"]
[Result "0-1"]
[WhiteElo "1805"]
[BlackElo "1655"]
[PlyCount "66"]
[EventDate "2020.05.27"]
[EventType "swiss (blitz)"]
[EventRounds "9"]
[EventCountry "GER"]
[SourceTitle "EXT 2021"]
[Source "ChessBase"]
[SourceDate "2020.10.23"]
[SourceVersion "1"]
[SourceVersionDate "2020.10.23"]
[SourceQuality "1"]

1. e4 d6 2. d4 e5 3. f4 exd4 4. Qxd4 Nc6 5. Qd1 Nf6 6. Bd3 g6 7. Nf3 Bg7 8. 0-0 0-0 9. Nc3 a6 10. f5 Ne5 11. Bg5 Qe8 12. Bxf6 Bxf6 13. Nd5 Nxf3+ 14. Qxf3 Bd4+ 15. Kh1 Qd8 16. f6 c6 17. Ne7+ Kh8 18. c3 Be5 19. Rab1 Be6 20. a3 Qd7 21. Be2 Rae8 22. Rbc1 d5 23. exd5 Bxd5 24. Nxd5 Qxd5 25. Qg4 Qe6 26. Qf3 Bxf6 27. Rce1 Bg7 28. Qf2 Qe3 29. Qh4 Qe4 30. Qf2 Qe3 31. Qh4 Qe4 32. Bg4 Qc4 33. Rxe8 Qxf1# 0-1

[Event "GER-ch Net Amateur Gr-B Vor2"]
[Site "Playchess.com INT"]
[Date "2020.04.15"]
[Round "4"]
[White "Ochmann, Reimund"]
[Black "Schmukal, Jens"]
[Result "0-1"]
[WhiteElo "2010"]
[BlackElo "1697"]
[PlyCount "150"]
[EventDate "2020.04.15"]
[EventType "swiss (blitz)"]
[EventRounds "9"]
[EventCountry "GER"]
[SourceTitle "CBM 196 Extra"]
[Source "ChessBase"]
[SourceDate "2020.07.31"]
[SourceVersion "1"]
[SourceVersionDate "2020.07.31"]
[SourceQuality "1"]

1. e4 c5 2. c3 e5 3. Nf3 Nc6 4. d4 cxd4 5. cxd4 exd4 6. Nxd4 Nf6 7. Nc3 Bc5 8. Nxc6 dxc6 9. Qxd8+ Kxd8 10. Bg5 Kc7 11. Bf4+ Kd8 12. 0-0-0+ Ke7 13. Bg5 h6 14. Bh4 g5 15. Bg3 Be6 16. Be2 h5 17. h4 g4 18. Rhf1 Rhd8 19. Bf4 Nd7 20. e5 Kf8 21. a3 Be7 22. g3 Nc5 23. f3 Bb3 24. Rxd8+ Rxd8 25. fxg4 hxg4 26. Be3 Be6 27. Bxc5 Bxc5 28. Ne4 Be3+ 29. Kc2 Rd4 30. Bd3 a5 31. Nd6 b5 32. b3 a4 33. bxa4 bxa4 34. Rb1 Bb3+ 35. Kc3 Rd5 36. Ne4 Bd4+ 37. Kd2 Bxe5 38. Ke3 Bd4+ 39. Kf4 Ba7 40. Be2 Bc2 41. Rb7 Ra5 42. Ng5 Bb3 43. Kxg4 Be3 44. Kh5 Bxg5 45. hxg5 Bd5 46. Bg4 c5 47. Bf5 Bxb7 48. Bc2 c4 49. Kh6 c3 50. g4 Bc6 51. g6 fxg6 52. Kxg6 Re5 53. Kf6 Re2 54. Bd3 Rg2 55. g5 c2 56. Bxc2 Rxc2 57. g6 Rf2+ 58. Ke6 Kg7 59. Kd6 Kxg6 60. Kxc6 Rf3 61. Kb5 Rxa3 62. Kb4 Ra1 63. Kc3 Rh1 64. Kb4 Rh4+ 65. Ka3 Kf5 66. Kb2 Ke5 67. Ka3 Kd5 68. Kb2 Kc5 69. Ka3 Kb5 70. Kb2 Rh3 71. Ka2 Kb4 72. Kb1 Rh2 73. Kc1 Kb3 74. Kd1 a3 75. Ke1 a2 0-1

[Event "GER-ch Net blitz qual4"]
[Site "Playchess.com INT"]
[Date "2020.03.23"]
[Round "2"]
[White "Ochmann, Reimund"]
[Black "Kuhn, Hubert"]
[Result "1-0"]
[WhiteElo "1932"]
[BlackElo "2019"]
[PlyCount "47"]
[EventDate "2020.03.23"]
[EventType "swiss (blitz)"]
[EventRounds "9"]
[EventCountry "GER"]
[SourceTitle "CBM 195 Extra"]
[Source "ChessBase"]
[SourceDate "2020.05.31"]
[SourceVersion "1"]
[SourceVersionDate "2020.05.31"]
[SourceQuality "1"]

1. e4 c6 2. d4 d5 3. exd5 cxd5 4. Bd3 Nf6 5. h3 Qc7 6. Nf3 g6 7. c3 Bf5 8. Bb5+ Nc6 9. Ne5 Rc8 10. Bf4 Be6 11. Qe2 Nd7 12. Nxg6 Qb6 13. Nxh8 Bg7 14. Nxf7 Kxf7 15. 0-0 Rg8 16. Kh1 a6 17. Bd3 Nf6 18. b4 h6 19. Nd2 Nd8 20. Nf3 Kf8 21. Rae1 Qc6 22. Bd2 Qc8 23. a4 Bxh3 24. Qxe7# 1-0

[Event "GER-ch Net blitz qual2"]
[Site "Playchess.com INT"]
[Date "2020.03.16"]
[Round "5"]
[White "Friemel, Reinhard"]
[Black "Ochmann, Reimund"]
[Result "0-1"]
[WhiteElo "1705"]
[BlackElo "1932"]
[PlyCount "62"]
[EventDate "2020.03.16"]
[EventType "swiss (blitz)"]
[EventRounds "9"]
[EventCountry "GER"]
[SourceTitle "CBM 195 Extra"]
[Source "ChessBase"]
[SourceDate "2020.05.31"]
[SourceVersion "1"]
[SourceVersionDate "2020.05.31"]
[SourceQuality "1"]

1. e4 e5 2. Nf3 Nc6 3. Bc4 Nf6 4. d3 Bc5 5. c3 d6 6. h3 a5 7. 0-0 h6 8. Be3 Bxe3 9. fxe3 0-0 10. Qe2 Ne7 11. Nbd2 Ng6 12. d4 c6 13. Qf2 b5 14. Bd3 Rb8 15. b3 Be6 16. Nh4 Nxh4 17. Qxh4 Kh7 18. d5 Bd7 19. Nf3 Kg8 20. Qg3 cxd5 21. exd5 Nxd5 22. Qe1 Qb6 23. Kh2 Nxe3 24. Rf2 Nd5 25. Qe4 Nf6 26. Qe2 Bc6 27. Nd2 e4 28. Rxf6 exd3 29. Qg4 Qc5 30. Raf1 Qxc3 31. R1f2 Qe5+ 0-1

[Event "GER-ch Net blitz qual2"]
[Site "Playchess.com INT"]
[Date "2020.03.16"]
[Round "9"]
[White "Ochmann, Reimund"]
[Black "Perkampus, Laurin"]
[Result "1-0"]
[WhiteElo "1932"]
[BlackElo "2086"]
[PlyCount "101"]
[EventDate "2020.03.16"]
[EventType "swiss (blitz)"]
[EventRounds "9"]
[EventCountry "GER"]
[SourceTitle "CBM 195 Extra"]
[Source "ChessBase"]
[SourceDate "2020.05.31"]
[SourceVersion "1"]
[SourceVersionDate "2020.05.31"]
[SourceQuality "1"]

1. e4 c5 2. c3 g6 3. d4 cxd4 4. cxd4 d5 5. e5 Bg7 6. Nc3 Nc6 7. Be3 Nh6 8. Nf3 Nf5 9. Be2 Nxe3 10. fxe3 0-0 11. 0-0 f6 12. exf6 Bxf6 13. Rc1 Bd7 14. Nxd5 Be6 15. Nf4 Bf5 16. Qb3+ Kh8 17. Qxb7 Na5 18. Qa6 g5 19. Ne6 Bxe6 20. Qxe6 Rg8 21. Ne5 Bxe5 22. Qxe5+ Rg7 23. Rf7 Qg8 24. Rxg7 Qxg7 25. Qxa5 g4 26. Qe5 Qxe5 27. dxe5 Rd8 28. Bxg4 Rd2 29. Be6 Rxb2 30. h4 a5 31. h5 a4 32. h6 Rb8 33. Rc7 Re8 34. Bf7 Rd8 35. Rxe7 a3 36. Bb3 Rf8 37. e6 Rf1+ 38. Kxf1 Kg8 39. Rg7+ Kh8 40. Ra7 Kg8 41. Ke2 Kf8 42. Rxh7 Kg8 43. Ra7 Kh8 44. e7 Kh7 45. e8Q+ Kxh6 46. Qe6+ Kg5 47. Ra5+ Kh4 48. Qe4+ Kg3 49. Qf3+ Kh2 50. Rh5+ Kg1 51. Qf1# 1-0